00000000nam##2200000za#4500
0019.548607
003CaOODSP
00520210615092006
007ta
008150406|2009||||xxc|||||     f|0| 0 fre|d
020 |a978-0-660-64315-1
040 |aCaOODSP|bfre
041 |aeng
041 |afre
043 |an-cn---
0861 |aBT31-4/93-2009
1101 |aCanada. |bConseil du trésor.
24510|aService administratif des tribunaux judiciaires
2463 |aService administratif des tribunaux judiciaires, 2008-2009, rapport ministériel sur le rendement
260 |aOttawa - Ontario : |bSecrétariat du Conseil du Trésor du Canada |cc2009.
300 |aTexte français, 27p. : |bfigures, graphique, tableaux ; |c28 cm.
4901 |aRapport sur le rendement pour la période se terminant le 31 mars 2009
563 |aCouverture souple
590 |a09-46|b2009-11-13
7760#|tCourts Administration Service, 2008–2009 departmental performance report |w(CaOODSP)9.573126
7760#|tService administratif des tribunaux judiciaires - 2008-2009 rapport ministériel sur le rendement |w(CaOODSP)9.603348
791 |tCourts Administration Service |eeng|w(CaOODSP)9.548606
830#0|aRapport sur le rendement pour la période se terminant le 31 mars 2009.|w(CaOODSP)9.511651